|
|
|
|
| LEADER |
00000nam0a2200000 4500 |
| 001 |
361957 |
| 005 |
20231102011436.0 |
| 035 |
|
|
|a (RuTPU)RU\TPU\retro\19303
|
| 090 |
|
|
|a 361957
|
| 100 |
|
|
|a 20210708d1980 km y0rusy50 ca
|
| 101 |
0 |
|
|a rus
|
| 102 |
|
|
|a UA
|
| 105 |
|
|
|a a z 011zb
|
| 200 |
1 |
|
|a Геодинамика и астрометрия
|e основания, методы, результаты
|f Академия наук Украинской ССР, Главная астрономическая обсерватория ; под ред. Е. П. Федорова
|
| 210 |
|
|
|a Киев
|c Наукова думка
|d 1980
|
| 215 |
|
|
|a 167 с.
|c ил.
|
| 300 |
|
|
|a Сборник статей, посвященный 100 летию со дня рождения А. Я. Орлова
|
| 320 |
|
|
|a Библиогр. в конце ст.
|
| 600 |
|
1 |
|a Орлов
|b А. Я.
|c геофизик
|c астроном
|c академик АН УССР (с 1939)
|c профессор Одесского университета
|c директор Астрономической обсерватории АН УССР (1913-1934)
|c директор Полтавской гравиметрической обсерватории (1938-1951)
|c директор Главной астрономической обсерватории АН УССР ( 1944-1949 и 1951-1952)
|f 1880-1954
|g Александр Яковлевич
|2 stltpush
|3 (RuTPU)RU\TPU\pers\21907
|
| 606 |
1 |
|
|a Геодинамика
|x (геология)
|2 stltpush
|3 (RuTPU)RU\TPU\subj\6028
|9 33993
|
| 606 |
1 |
|
|a Астрометрия
|2 stltpush
|3 (RuTPU)RU\TPU\subj\29545
|9 52847
|
| 610 |
1 |
|
|a методы
|
| 610 |
1 |
|
|a результаты
|
| 610 |
1 |
|
|a Земля
|
| 610 |
1 |
|
|a вращения
|
| 610 |
1 |
|
|a приливные деформации
|
| 610 |
1 |
|
|a внутренее строение
|
| 610 |
1 |
|
|a астрометрические измерения
|
| 610 |
1 |
|
|a радиоинтерферометрия
|
| 610 |
1 |
|
|a астрономические инструменты
|
| 675 |
|
|
|a 551.2/.3
|v 4
|
| 675 |
|
|
|a 521.9
|v 4
|
| 702 |
|
1 |
|a Федоров
|b Е. П.
|4 340
|
| 712 |
0 |
2 |
|a Академия наук Украинской ССР
|b Главная астрономическая обсерватория
|c (Голосеево, Киев)
|2 stltpush
|3 (RuTPU)RU\TPU\col\19254
|9 27420
|
| 801 |
|
1 |
|a RU
|b 63413507
|c 20210708
|
| 801 |
|
2 |
|a RU
|b 63413507
|c 20210709
|g RCR
|
| 942 |
|
|
|c BK
|